| 000 | 00748nam a22002297a 4500 | ||
|---|---|---|---|
| 008 | 131119b xxu||||| |||| 00| 0 eng d | ||
| 020 | _a81-203-2791-8 | ||
| 024 | _cAvailable | ||
| 037 | _cAvailable | ||
| 040 |
_aMBSTU Library _dMBSTU Library |
||
| 082 |
_222 _a006.31 ALI |
||
| 100 | _aAlpaydin Ethem | ||
| 245 | _aIntroduction to Machine Learning | ||
| 260 |
_aNew Delhi _bPrintice Hall of India _c2005 |
||
| 300 |
_a24.cm _b415 Page _f06 _g24.cm |
||
| 600 |
_2Machine learning Genetic Alogorithom _aAlpaydin Ethem |
||
| 700 | _aAlpaydin Ethem | ||
| 270 |
_aPrintice Hall of India _bNew Delhi _dIndia |
||
| 365 |
_b592.00 _d592.00 |
||
| 942 |
_2ddc _cBK |
||
| 999 |
_c864 _d864 |
||